书目信息 |
| 题名: |
审计原理
|
|
| 作者: | 冯长尧 主编 | |
| 分册: | ||
| 出版信息: | 北京 团结出版社 1997 |
|
| 页数: | 528页 | |
| 开本: | 19cm | |
| 丛书名: | ||
| 单 册: | ||
| 中图分类: | F239.0 | |
| 科图分类: | 29.7128 | |
| 主题词: | 审计学 | |
| 电子资源: | ||
| ISBN: | 7-80130-108-0 | |
| 000 | 00622nam0 2200241 450 | |
| 001 | 0198002857 | |
| 005 | 20100713014841.0 | |
| 010 | @a7-80130-108-0@dCNY21.00 | |
| 011 | @a7-80130-108-0 | |
| 100 | @a19971224d1997 em y0chiy0110 ea | |
| 101 | 0 | @achi |
| 102 | @aCN@b110000 | |
| 105 | @ay z 000yy | |
| 106 | @ar | |
| 200 | 1 | @a审计原理@9Shen Ji Yuan Li @f冯长尧主编 |
| 210 | @a北京@c团结出版社@d1997 | |
| 215 | @a528页@d19cm | |
| 606 | 0 | @a审计学 |
| 690 | @aF239.0@v3 | |
| 692 | @a29.7128@v2 | |
| 701 | 0 | @a冯长尧@9feng chang yao@4主编 |
| 801 | 0 | @aCN@b91MARC@c20130904 |
| 905 | @aBZT@dF239.0@e63@f1@sF239.0/63 | |
| 审计原理/冯长尧主编.-北京:团结出版社,1997 |
| 528页;19cm |
| ISBN 7-80130-108-0:CNY21.00 |
| ● |
| 相关链接 |
|
|
|
正题名:审计原理
索取号:F239.0/63
 
预约/预借
| 序号 | 登录号 | 条形码 | 馆藏地/架位号 | 状态 | 备注 |
| 1 | 2000144282 | 2000144282 | 旧书回溯/ [索取号:F239.0/63] | 在馆 |